000
00251nam a2200109Ia 4500
008
220204s9999 xx 000 0 und d
082
_a
82-3
_b
ROB
100
_a
Robins, Denise
245
0
_a
Could I forget
260
_a
London
_b
Arrow
_c
1967
942
_c
BK
999
_c
34005
_d
34005